Chaîne de mots - Égypte - Statistiques

Statistiques générales
  • Ce quiz a été pris 12 321 fois
  • Le résultat moyen est 13 sur 23
Statistiques - réponses
Indice Réponse % Correct
Amante de Jules César et Marc Antoine Cléopâtre
98%
Celui de Suez relie la mer Rouge à la Méditerranée Canal
91%
Chanson de Claude François: Alexandrie _____ Alexandra
87%
Territoire palestinien frontalier : Bande de ____ Gaza
84%
Désert qui recouvre la majorité du pays Sahara
83%
Animal qui aurait tué la dernière reine d'Égypte Serpent
74%
𓅋𓅓𓅳𓅇𓆘 Hiéroglyphes
70%
Matériau sur lequel écrivaient les Égyptiens antiques Papyrus
69%
En quoi se change l'eau du Nil lors de la 1ere plaie d'Égypte infligée par Dieu? Sang
68%
Lors de sa combustion, l'odeur apaisante de cette substance servait à apaiser les divinités Encens
66%
Pierre précieuse symbolique en Égypte antique Émeraude
65%
Pharaon qui a régné durant 66 ans Ramsès
61%
Célèbre déesse égyptienne Isis
56%
Principal système économique en Égypte antique Troc
55%
Footballeur égyptien au Liverpool FC Salah
54%
Épouse royale du pharaon Akhenaton Néfertiti
43%
Ville anciennement connue sous le nom de Thèbes Louxor
40%
Divinité à la tête de faucon Horus
38%
Lorsque Astérix se rend en Égypte, de quoi est constitué le pudding destiné à empoisonner la reine? Arsenic
36%
Péninsule géographiquement située en Asie Sinaï
35%
Divinité aux forces destructrices Seth
29%
Ville connue pour ses barrages Assouan
25%
Considéré comme le premier architecte et médecin de l'Histoire Imhotep
22%
Aucun quiz correspondant
Distribution des résultats
% des personnes avec chaque résultat
Percentile par nombre de réponses
Votre historique - résultats
Vous n’avez pas pris ce quiz